000 00751nam a2200229 a 4500
001 49384
003 BD-RjUL
005 20211209054655.0
008 160820s1979 bg |||| ||||00| p ben d
020 _c: TK 10.00
035 _a(BD-RjUL)49503
040 _aBD-RjUL
_bben
_cBD-RjUL
_dBD-RjUL
041 _aben
082 _a891.441
_bHUM 1979
_223
100 1 0 _aহক, আতাউল
_9148234
245 1 0 _aমধুর তোমার শেষ যে না পাই /
_cআতাউল, হক
260 _aঢাকা :
_bইহতেমামুল হক,
_c১৯৭৯
300 _a৮৮ পৃ. ;
_c২০ সেমি.
650 _aবাংলা কবিতা
_9120072
650 _aBengali poetry
_9120073
942 _2ddc
_cBK
999 _c49384
_d49384